000
00349 a2200169 4500
001
171799
020
_a
85-08-00114-2
040
_c
Magnum
100
_a
Brasil, Assis
240
1
0
_a
Tonico e carniça
_l
por
245
1
0
_a
Tonico e carniça
300
_a
79
362
0
_a
1994
440
1
_a
Ática
697
_a
LITERATURA JUVENIL
942
_c
BK
999
_c
171799
_d
171799